Gaming Quiz

Random Gaming or Nintendo Quiz

Subcategory Multiple Choice: Gaming Quiz Stats

 Plays Quiz Updated Jun 19, 2018

Score 0/12 Timer 04:00
20 Plays Today
Question Answer Wrong Answers
Console
Which of the following consoles was released by 'Sega'?
Dreamcast
75.3%
Jaguar
4.1%
Gamecube
8%
Zodiac
4.8%
Toys
Which of the following model building toys was developed in Denmark?
Lego
73.6%
Fischertechnik
4.1%
Meccano
2.8%
K'NEX
11.4%
Card Games
Which of these is the winning hand in a game of poker?
7♠ 7♥ Q♣ Q♦ Q♥
71.8%
4♠ 8♠ 9♠ K♠ A♠
19.4%
5♣ 7♠ 10♦ 10♥ A♦
3.6%
2♣ 2♥ 3♥ 4♥ J♠
2.8%
Video Games
Which of the following is NOT a ghost from the original Pac-Man?
Winky
67.3%
Clyde
19%
Inky
8%
Blinky
5.5%
Board Games
Which of the following 'Scrabble' tiles has the highest value?
Q
59.5%
J
4.3%
X
32.3%
K
2.7%
Mario
Under what name did Mario debut in 1981's 'Donkey Kong'?
Jumpman
54.7%
Mario
9.8%
Luigi
3.1%
Plumberman
27.9%
Minecraft
Which of the following is NOT a game mode in 'Minecraft'?
Destroyer
53%
Spectator
16.2%
Hardcore
17.9%
Adventure
5.9%
Pokémon
Which of the following is a genuine 'Pokémon' type?
Dark
51.6%
Light
8.2%
Earth
21.4%
Air
15.6%
Nintendo
Which Nintendo console was part of the 'sixth generation' of video game consoles along with the Sony Playstation 2 and the Microsoft Xbox?
Gamecube
47.1%
Nintendo 64
16.7%
Wii
26.6%
SNES
4%
League of Legends
What genre of video game is 'League of Legends'?
Multiplayer Online Battle Arena (MOBA)
45.5%
Massively Multiplayer Online Role-Playing Game (MMORPG)
30.3%
Massively Multiplayer Online First-Person Shooter Game (MMOFPS)
6.5%
Massively Multiplayer Online Real-Time Strategy Game (MMORTS)
11%
Legend of Zelda
Which is NOT a dungeon in 'The Legend of Zelda: Ocarina of Time'?
Light Temple
34.1%
Fire Temple
14.6%
Spirit Temple
23.8%
Shadow Temple
19.2%
Final Fantasy
Which game in the 'Final Fantasy' franchise was the first to spawn a direct sequel?
Final Fantasy X
33.3%
Final Fantasy V
20.2%
Final Fantasy XII
13.6%
Final Fantasy VII
25.4%

You're not logged in!

Compare scores with friends on all Sporcle quizzes.
OR
Log In

Show Comments

Extras

Top Quizzes Today


Score Distribution

Your Account Isn't Verified!

In order to create a playlist on Sporcle, you need to verify the email address you used during registration. Go to your Sporcle Settings to finish the process.

Report this User

Report this user for behavior that violates our Community Guidelines.

Details: